000 01401nam a22002777a 4500
005 20210325193312.0
008 s2547 th tha d
041 _atha
090 _aว DS586 ภ671จ 2547
100 0 _aสุนทรี อาสะไวย์
245 1 0 _aจักรวรรดิวัตรในพระบาทสมเด็จพระเจ้าอยู่หัว
260 3 _aกรุงเทพฯ :
_bสถาบันไทยคดีศึกษา มหาวิทยาลัยธรรมศาสตร์,
_c2547
300 _a118 หน้า ;
_b 29 ซม.
650 0 4 _aจักรวรรดิวัตร
650 0 4 _aทฤษฎีใหม่
650 0 4 _aทศพิธราชธรรม
650 0 4 _aพระพุทธนวราชบพิตร
650 0 4 _aพระราชพิธีบรมราชาภิเษก
650 0 4 _aภูมิพลอดุลยเดช, พระบาทสมเด็จพระเจ้าอยู่หัว -- พระราชกรณียกิจ
650 0 4 _aสถาบันพระมหากษัตริย์
650 0 4 _aสถาบันพระมหากษัตริย์ -- ไทย -- วิจัย
850 _aNALT
942 _cRSH
997 _c000000000039697
_kVC
998 _aARUNTHIP
999 _c39697
_d39697